[Event "Benidorm op U2000 11th"]
[Site "Benidorm"]
[Date "2012.12.06"]
[Round "7"]
[White "Borja Rosagro, Jaime"]
[Black "Patino Andreu, Ramon"]
[Result "1/2-1/2"]
[WhiteElo "1764"]
[BlackElo "1944"]
[PlyCount "28"]
[EventDate "2012.11.30"]
[EventType "swiss"]
[EventRounds "10"]
[EventCountry "ESP"]
[SourceTitle "EXT 2014"]
[Source "ChessBase"]
[SourceDate "2013.11.20"]
[SourceVersion "1"]
[SourceVersionDate "2013.11.20"]
[SourceQuality "1"]

1. d4 d5 2. c4 e6 3. Nc3 Nf6 4. Bg5 Be7 5. e3 0-0 6. cxd5 exd5 7. Bd3 Nbd7 8. Nge2 c6 9. 0-0 Re8 10. Qc2 Nf8 11. Bf4 Ng6 12. Bg3 Nh5 13. Rab1 b6 14. b4 a5 1/2-1/2

[Event "Benidorm op U2000 11th"]
[Site "Benidorm"]
[Date "2012.12.03"]
[Round "4"]
[White "Gutierrez Leon, Cristobal"]
[Black "Borja Rosagro, Jaime"]
[Result "1-0"]
[WhiteElo "1947"]
[BlackElo "1764"]
[PlyCount "73"]
[EventDate "2012.11.30"]
[EventType "swiss"]
[EventRounds "10"]
[EventCountry "ESP"]
[SourceTitle "EXT 2014"]
[Source "ChessBase"]
[SourceDate "2013.11.20"]
[SourceVersion "1"]
[SourceVersionDate "2013.11.20"]
[SourceQuality "1"]

1. Nf3 d6 2. d4 Nf6 3. g3 Nbd7 4. Bg2 e5 5. dxe5 dxe5 6. 0-0 Be7 7. c3 c6 8. Qc2 Qc7 9. Nbd2 0-0 10. Nc4 Re8 11. e4 Bf8 12. Bg5 h6 13. Bxf6 Nxf6 14. h3 b5 15. Ncd2 a6 16. a3 Bb7 17. c4 c5 18. Rfe1 b4 19. Nh2 Rad8 20. Nb3 Rd7 21. Nf1 a5 22. axb4 axb4 23. Ne3 Qb6 24. Nd5 Nxd5 25. exd5 Bd6 26. h4 Rdd8 27. Na5 Ra8 28. Nc6 Rxa1 29. Rxa1 Ra8 30. Rxa8+ Bxa8 31. Qf5 Bxc6 32. Qc8+ Kh7 33. dxc6 Qc7 34. Qe8 g6 35. Bd5 Kg7 36. g4 Be7 37. Qxf7+ 1-0